| 000 | 00355nam a2200145Ia 4500 | ||
|---|---|---|---|
| 008 | 230312s9999||||xx |||||||||||||| ||und|| | ||
| 020 | _a81-317-2571-9 | ||
| 082 |
_a658 _bSTR-I |
||
| 100 | _aStratton;Horngren,sundem | ||
| 245 | 0 | _aIntroduction management accounting | |
| 260 |
_bDorling _aUK _c2009 |
||
| 300 | _a850 | ||
| 650 | _aManagement | ||
| 942 | _cBK | ||
| 999 |
_c2587 _d2587 |
||